000 00617nam a22002057a 4500
003 OSt
005 20140310182330.0
008 130924t xxu||||| |||| 00| 0 eng d
020 _a0690044283
050 _aQR 57
_b.B47 1985
082 _aGS 616.92
_bB453 1985
100 _aBerger, Melvin
_94942
245 _aGerms make me sick /
_cMelvin Berger ;illustrated by Marlyin Hafner.
260 _aNew York :
_bHarper and Row,
_c1985.
300 _a32 p. :
_c20 cm.
650 _aBacteria
_xChildren's literature
_921408
650 _a Viruses
_xChildren's literature
_921409
942 _2lcc
_cBK-GS
999 _c11976
_d11976